[Event "Leipzig VfB op 15th"]
[Site "Leipzig"]
[Date "2008.02.28"]
[Round "3"]
[White "Weigel, Helmut"]
[Black "Fischbach, Rainer"]
[Result "0-1"]
[WhiteElo "1593"]
[BlackElo "1885"]
[PlyCount "86"]
[EventDate "2008.02.26"]
[EventType "swiss"]
[EventRounds "9"]
[EventCountry "GER"]
[SourceTitle "CBM 123 Extra"]
[Source "ChessBase"]
[SourceDate "2008.05.06"]
[SourceVersion "1"]
[SourceVersionDate "2008.05.06"]
[SourceQuality "1"]

1. d4 Nf6 2. c4 e6 3. Nc3 Bb4 4. f3 d5 5. e3 0-0 6. a3 Bxc3+ 7. bxc3 c6 8. Bd3 dxc4 9. Bxc4 Qa5 10. Ne2 e5 11. 0-0 e4 12. Qb3 b5 13. Bxf7+ Rxf7 14. fxe4 Qa4 15. Qa2 Qc4 16. Qxc4 bxc4 17. Ng3 g6 18. Bd2 Be6 19. e5 Ne8 20. Rxf7 Kxf7 21. Ne4 h6 22. Ng3 Nd7 23. Rb1 Rb8 24. Rxb8 Nxb8 25. e4 h5 26. h4 Nc7 27. a4 Nd7 28. Bf4 a5 29. Nf1 Nb6 30. Ne3 Nxa4 31. Nd1 Nb6 32. Bc1 a4 33. Ba3 Nb5 34. Bc5 Nd7 35. Bb4 a3 36. Ne3 a2 37. Nc2 Bg4 38. Na1 Ke6 39. Kf2 Bd1 40. Ke3 Nb6 41. Kd2 Bb3 42. Ba5 Na4 43. Bb4 c5 0-1

[Event "Leipzig VfB op 11th"]
[Site "Leipzig"]
[Date "2004.03.18"]
[Round "5"]
[White "Ehrhardt, Eric"]
[Black "Weigel, Helmut"]
[Result "1-0"]
[WhiteElo "2060"]
[BlackElo "1611"]
[PlyCount "61"]
[EventDate "2004.03.16"]
[EventType "swiss"]
[EventRounds "9"]
[EventCountry "GER"]
[SourceTitle "EXT 2007"]
[Source "ChessBase"]
[SourceDate "2006.11.23"]
[SourceVersion "1"]
[SourceVersionDate "2006.11.23"]
[SourceQuality "1"]

1. e4 Nf6 2. e5 Nd5 3. c4 Nb6 4. d4 d6 5. f4 dxe5 6. fxe5 g6 7. Be3 Bg7 8. Nc3 0-0 9. Be2 a5 10. Nf3 Bg4 11. 0-0 c6 12. Qd2 Na6 13. Rad1 Qc7 14. Bh6 Rad8 15. Bxg7 Kxg7 16. Qf4 Bxf3 17. Rxf3 f5 18. Rh3 e6 19. Rh6 Qe7 20. Rd3 Kg8 21. Rg3 Rf7 22. Bh5 Rg7 23. Bxg6 hxg6 24. Rhxg6 Rxg6 25. Rxg6+ Kh8 26. Qe3 Qh7 27. Rh6 Nxc4 28. Rxh7+ Kxh7 29. Qf2 Re8 30. Qe2 b5 31. Qh5+ 1-0

[Event "Leipzig VfB op 11th"]
[Site "Leipzig"]
[Date "2004.03.17"]
[Round "2"]
[White "Weigel, Helmut"]
[Black "Kaiser, Michael"]
[Result "0-1"]
[WhiteElo "1611"]
[BlackElo "1776"]
[PlyCount "86"]
[EventDate "2004.03.16"]
[EventType "swiss"]
[EventRounds "9"]
[EventCountry "GER"]
[SourceTitle "EXT 2007"]
[Source "ChessBase"]
[SourceDate "2006.11.23"]
[SourceVersion "1"]
[SourceVersionDate "2006.11.23"]
[SourceQuality "1"]

1. d4 Nf6 2. c4 e6 3. Bg5 d5 4. e3 c6 5. Nf3 Qa5+ 6. Nc3 Bb4 7. Qc2 Ne4 8. Rc1 Nxg5 9. Nxg5 dxc4 10. Nf3 b5 11. Be2 Nd7 12. 0-0 Bxc3 13. bxc3 0-0 14. Ng5 Nf6 15. f4 h6 16. Nf3 Nd5 17. Kf2 Qc7 18. g3 c5 19. a3 Bb7 20. Nd2 cxd4 21. cxd4 f5 22. Nf3 Nf6 23. Ne5 Ne4+ 24. Kg1 Qa5 25. Qb2 Nd2 26. Rfd1 Nb3 27. Rc3 Bd5 28. Bf3 Qd8 29. Rf1 a5 30. Rc2 Bxf3 31. Rxf3 Qd5 32. Rff2 Rfc8 33. Qc3 Qd6 34. Qb2 Rc7 35. Nf3 Rb8 36. Nd2 Nxd2 37. Rfxd2 b4 38. axb4 axb4 39. Qa1 Qd5 40. Ra2 c3 41. Rf2 b3 42. Ra5 b2 43. Rxb2 cxb2 0-1

[Event "Wch Seniors 12th"]
[Site "Naumburg"]
[Date "2002.10.30"]
[Round "8"]
[White "Weigel, Helmut"]
[Black "Burreh, Heinz"]
[Result "0-1"]
[WhiteElo "1581"]
[BlackElo "1826"]
[PlyCount "56"]
[EventDate "2002.10.21"]
[EventType "swiss"]
[EventRounds "11"]
[EventCountry "GER"]
[SourceTitle "EXT 2006"]
[Source "ChessBase"]
[SourceDate "2005.11.24"]
[SourceVersion "1"]
[SourceVersionDate "2005.11.24"]
[SourceQuality "1"]

1. d4 d5 2. c4 c6 3. e3 Bf5 4. Nc3 e6 5. Nf3 h6 6. Bd2 Nf6 7. cxd5 exd5 8. Be2 Bd6 9. h3 0-0 10. 0-0 Re8 11. Ne1 Nbd7 12. Bd3 Ne4 13. Bc1 Qg5 14. Nf3 Qf6 15. Re1 Qe6 16. Nh4 Bxh3 17. f4 Bg4 18. Nf3 Ndf6 19. Rf1 Ng3 20. Qc2 Nxf1 21. Kxf1 Bxf3 22. gxf3 Qh3+ 23. Qg2 Qxg2+ 24. Kxg2 a6 25. Bd2 c5 26. dxc5 Bxc5 27. e4 dxe4 28. fxe4 Rad8 0-1

[Event "Wch Seniors 12th"]
[Site "Naumburg"]
[Date "2002.10.21"]
[Round "1"]
[White "Weigel, Helmut"]
[Black "Kunath, Werner"]
[Result "0-1"]
[WhiteElo "1581"]
[BlackElo "2122"]
[PlyCount "54"]
[EventDate "2002.10.21"]
[EventType "swiss"]
[EventRounds "11"]
[EventCountry "GER"]
[SourceTitle "EXT 2006"]
[Source "ChessBase"]
[SourceDate "2005.11.24"]
[SourceVersion "1"]
[SourceVersionDate "2005.11.24"]
[SourceQuality "1"]

1. Nf3 b6 2. g3 Bb7 3. Bg2 e6 4. c4 Nf6 5. Nc3 c5 6. 0-0 Be7 7. d4 cxd4 8. Qxd4 0-0 9. Rd1 Na6 10. a3 Nc5 11. Nd2 Bxg2 12. Kxg2 a5 13. Rb1 a4 14. Nb5 Qb8 15. f3 d5 16. cxd5 exd5 17. Nf1 Qb7 18. Bf4 Rad8 19. Be3 Rd7 20. g4 Re8 21. Ng3 Ne6 22. Qxa4 d4 23. Bd2 Nxg4 24. Nf5 Red8 25. Nxe7+ Rxe7 26. h3 Ne5 27. Kf2 Nc5 0-1

[Event "Leipzig VfB op 09th"]
[Site "Leipzig"]
[Date "2002.03.05"]
[Round "1"]
[White "Weigel, Helmut"]
[Black "Collini, Carsten"]
[Result "0-1"]
[WhiteElo "1522"]
[BlackElo "2035"]
[PlyCount "54"]
[EventDate "2002.03.05"]
[EventType "swiss"]
[EventRounds "9"]
[EventCountry "GER"]
[SourceTitle "EXT 2007"]
[Source "ChessBase"]
[SourceDate "2006.11.23"]
[SourceVersion "1"]
[SourceVersionDate "2006.11.23"]
[SourceQuality "1"]

1. d4 e6 2. Nf3 f5 3. c4 Bb4+ 4. Nc3 Nf6 5. e3 0-0 6. Bd3 b6 7. 0-0 Bb7 8. a3 Bxc3 9. bxc3 Ne4 10. Bb2 Qf6 11. Be2 d6 12. Rc1 Nd7 13. Ne1 Qh6 14. Bf3 g5 15. g4 Ndf6 16. gxf5 exf5 17. Bg2 g4 18. Nd3 Rae8 19. Nf4 Ba6 20. Qa4 Bc8 21. Qd1 g3 22. hxg3 Ng4 23. Bh3 Ng5 24. Kg2 Nxh3 25. Nxh3 f4 26. exf4 Ne3+ 27. fxe3 Qxh3+ 0-1